60 Second Blitz: Africa Quiz Stats

 Plays Quiz Updated Sep 14, 2018

Challenge
Share
Tweet
Embed
Score 0/54 Timer 01:00
2 Plays Today
% Correct
Egypt
85.5%
South Africa
80.2%
Niger
69.8%
Algeria
66.8%
Nigeria
65.9%
Morocco
64.8%
Libya
63.8%
Sudan
63.6%
Chad
63.2%
Kenya
62.7%
Ghana
58.7%
South Sudan
56.5%
Ethiopia
56.1%
Mali
55%
Tunisia
54.9%
Somalia
49.8%
Lesotho
49.5%
Togo
48.4%
Rwanda
47.5%
Uganda
45.3%
Zimbabwe
44.5%
Madagascar
44.1%
Democratic Republic of the Congo
44%
Benin
43.7%
Eritrea
43.3%
Angola
43%
Zambia
42.5%
% Correct
Tanzania
41.9%
Liberia
41.9%
Namibia
41.1%
Guinea
40.4%
Côte d'Ivoire
39.9%
eSwatini
39.4%
Cameroon
38.2%
Djibouti
37.9%
Senegal
37.8%
Botswana
37.6%
Malawi
37.5%
Central African Republic
37.4%
The Gambia
36.8%
Mozambique
34.5%
Gabon
34.3%
Mauritania
32.8%
Burundi
32.4%
Republic of the Congo
29.4%
Guinea-Bissau
28.9%
Sierra Leone
28.5%
Comoros
25.4%
Burkina Faso
25.2%
Seychelles
23.4%
Cabo Verde
22.8%
Mauritius
22.4%
Equatorial Guinea
15.7%
São Tomé and Príncipe
12.3%

You're not logged in!

Compare scores with friends on all Sporcle quizzes.
OR
Log In

You Might Also Like...

Show Comments

Extras

Top Quizzes Today


Score Distribution

Your Account Isn't Verified!

In order to create a playlist on Sporcle, you need to verify the email address you used during registration. Go to your Sporcle Settings to finish the process.

Report this User

Report this user for behavior that violates our Community Guidelines.

Details: